52 gestos por la biodiversidad (Registro nro. 19548)

Detalles MARC
000 -CABECERA
Campo de control 00420nam a22001577a 4500
005 - FECHA Y HORA DE LA ULTIMA TRANSACCION
Campo de control 20180312151148.0
008 - ELEMENTOS DE LONGITUD FIJA—INFORMACION GENERAL
Campo de control 170607b ck |||| |||| 00| 0 spa d
040 ## - FUENTE DE CATALOGACIÓN
Agencia catalogadora original CO-BoIAVH
Agencia transcriptora CO-BoIAVH
041 0# - IDIOMA
Código de idioma para texto/pista de sonido o título separado Español
044 ## - PAÍS DE PUBLICACIÓN
País de publicación Belgica
090 ## - CLASIFICACIÓN LOCAL
Colección FG-
Consecutivo 0236
245 00 - MENCION DE TITULO
Título 52 gestos por la biodiversidad
260 ## - PUBLICACION, DISTRIBUCION, ETC. (PIE DE IMPRENTA)
Lugar de publicación, distribución, etc. Bégica:
Nombre del editor, distribuidor, etc. IRScNB,
Fecha de publicación, distribución, etc. 2010.
300 ## - DESCRIPCION FISICA
Extensión 52 páginas :
Otros detalles físicos ilustraciones a color ;
Dimensiones 14 x 11 cm
942 ## - ELEMENTOS ADICIONALES (KOHA)
Sistema de clasificación Local
Tipo de ítem Libro
Existencias
Withdrawn status Lost status Sistema de Clasificación Damaged status No para préstamo Colección Ubicación Permanente Ubicación actual Fecha de adquisición Total Checkouts Número topográfico Inventario / Código de Barras Date last seen Ejemplar Price effective from Forma de adquisición Tipo de material
    Local     Hemeroteca Bogotá Bogotá 07/06/2017   FG-0236 041352 07/06/2017 Ej. 1 07/06/2017 Donación Libro